LEADER 01413nam a2200337 u 4500 001 000000119471 003 CaOOAMICUS 005 20100122140709.0 008 100122t2009 it u000 u ita u 020 $a978-88-6081-394-7 040 $aPUL$bita$dReb 041 1 $aita$heng 100 1 $aPopper, Karl Raimund,$cSir,$d1902-1994.$0(OLS)http://pul/name/10980 240 10$aAfter the open society$lItaliano.$0(OLS)http://pul/title/150307 245 10$aDopo la societą aperta /$cKarl R. Popper. 260 $aRoma :$bArmando Editore,$c©2009. 300 $a558 p. ;$c22 cm 490 1 $aTemi del nostro tempo 500 $aIntroduzione di Dario Antiseri. 504 $aBibliografia in nota. 650 4$aFilosofia politica.$0(OLS)http://pul/subject/155 650 4$aFilosofia della scienza.$0(OLS)http://pul/subject/5136 700 1 $aAntiseri, Dario,$d1940-$0(OLS)http://pul/name/1978 830 0$aTemi del nostro tempo.$0(OLS)http://pul/title/71757 850 $aPUL 852 $aPUL$W1$xSL Diritto e Scienze Sociali 3$y79$m320. 5 POPKA 1$j137066$qDDC 21$B136134$CPULBib$Z2$F136134 $H112091 $82 941 1 $a9 960 $aFilosofia della politica$9155 996 $6020$a978-88-6081-394-7$9(OLS)http://pul/number/143084 996 $6245$aDopo la societą aperta$9(OLS)http://pul/title/150306 996 $6260$aRoma :$bArmando Editore$9(OLS)http://pul/publisher/53653 LEADER 01672nam a2200313 a 4500 001 000000156630 003 CaOOAMICUS 005 20161123112324.0 008 161123s1985 it u000 u eng r 032 $aLibriCat 040 $aPUL$bita 100 1 $aAmadi-Okwara, Bartholomew Chidi.$0(OLS)http://pul/name/99869 245 14$aThe conception of man in the counseling psycho-pedagogic implications of Marx and Freud /$cBartholomew Chidi Amadi-Okwara. 260 $aRoma :$bPontificio Ateneo Antoniano,$c1985. 300 $a77 p. ;$c24 cm. 502 $aEstratto da tesi -- Pontificium Athenaeum Antonianum. Facultas Philosophiae. Sectio Paedagogica. 1985. 504 $aBibliografia in nota. 600 14$aFreud, Sigmund,$d1856-1939$xCritica e interpretazione.$0(OLS)http://pul/subject/7836 600 14$aMarx, Karl,$d1818-1883$xFilosofia.$0(OLS)http://pul/subject/9745 710 2 $aPontificio Ateneo Antoniano.$bFacoltą di Filosofia.$kTesi.$0(OLS)http://pul/name/99829 850 $aPUL 852 $aPUL$W1$xDP1 Tesi Pon. At. Antonianum$y30$mTH ANT PH80a$j179879$qTesi$B183041$CPULBib$Z2$F183041 $H54044 $82 910 $aPontificia Universitą Antonianum.$bFacoltą di filosofia.$kTesi$999829 910 $aPontificia Universitą Antonianum.$bFacoltą di filosofia.$kTesi$999829 910 $aPontificium Athenaeum Antonianum.$bFacultas philosophiae.$kTesi$999829 941 1 $a16 996 $6245$aThe conception of man in the counseling psycho-pedagogic implications of Marx and Freud$9(OLS)http://pul/title/196243 996 $6260$aRoma :$bPontificio Ateneo Antoniano$9(OLS)http://pul/publisher/85667